000 00706nam a2200205Ia 4500
003 GCL
008 140319s9999 xx 000 0 ara d
020 _a?168497719
040 _aGCL /
_cGCL
082 0 4 _aق
_b962.065
_bج ك
100 1 _aجمال سليم
245 1 0 _aكيف قتلوا عبدالناصر /
_cجمال سليم
250 _aالثانية
260 _aالقاهرة :
_bدار الخيال ،
_c1996
300 _a321 ص ؛
_c24 سم
650 0 4 _aمصر - تاريخ - العصر الحديث - جمال عبدالناصر ( 1954-1970 )
650 0 4 _aجمال عبدالناصر
650 0 4 _aمصر - تاريخ - العصر الحديث (1805 - 1956 )
942 _2ddc
_cBK
999 _c48936
_d48936